[Event "Reykjavik op"]
[Site "Reykjavik"]
[Date "2024.03.20"]
[Round "8"]
[White "Mork, Peter"]
[Black "Y Castro, Vitor Fernandez"]
[Result "1/2-1/2"]
[WhiteElo "1755"]
[BlackElo "1630"]
[PlyCount "61"]
[EventDate "2024.03.15"]
[EventType "swiss"]
[EventRounds "9"]
[EventCountry "ISL"]
[SourceTitle "CB13_2024"]
[SourceDate "2024.03.27"]
[SourceVersion "1"]
[SourceVersionDate "2024.03.27"]
[SourceQuality "1"]

1. d4 Nf6 2. Nf3 g6 3. e3 Bg7 4. Be2 0-0 5. 0-0 d5 6. b4 c6 7. a4 Nbd7 8. Bb2 Ne4 9. Nbd2 Ndf6 10. c4 e6 11. Ne5 Nxd2 12. Qxd2 Ne4 13. Qc2 f6 14. Nf3 Qc7 15. cxd5 exd5 16. b5 Re8 17. Rfc1 Bd7 18. Qb3 Rac8 19. Ba3 Kh8 20. Ra2 Bf8 21. Bxf8 Rxf8 22. Rac2 Qd6 23. Ne1 Qe7 24. Nd3 cxb5 25. axb5 Rxc2 26. Rxc2 Qd6 27. Nb4 Be6 28. f3 Ng5 29. Rc5 Rc8 30. h4 Nh3+ 31. Kh1 1/2-1/2